LEADER 01006nam0-22003251i-450- 001 990008127620403321 005 20080502125555.0 010 $a0-89130-111-9 035 $a000812762 035 $aFED01000812762 035 $a(Aleph)000812762FED01 035 $a000812762 100 $a20050609d1976----km-y0itay50------ba 101 0 $aeng$agrc 102 $aUS 105 $ay-------001yy 200 1 $aFirst-century cynicism in the epistles of Heraclitus$fintroduction, greek text and translation by Harold W. Attridge 210 $aMissoula$cScholars Press$d1976 215 $aIX, 92 p.$d24 cm 225 1 $aHarvard theological studies$v29 610 0 $aEraclito 676 $a182.4 700 1$aAttridge,$bHarold W.$0181399 801 0$aIT$bUNINA$gRICA$2UNIMARC 901 $aBK 912 $a990008127620403321 952 $aP2B-610-HERACLIT.EPH.-403A-1976$bIst.Fil.cl. 9592$fFLFBC 959 $aFLFBC 996 $aFirst-century cynicism in the epistles of Heraclitus$9755992 997 $aUNINA LEADER 01672nam 2200373 450 001 9910131125803321 005 20240206144835.0 010 $a1-4123-7293-3 035 $a(CKB)3680000000166454 035 $a(NjHacI)993680000000166454 035 $a(EXLCZ)993680000000166454 100 $a20240206d2010 uy 0 101 0 $afre 135 $aur||||||||||| 181 $ctxt$2rdacontent 182 $cc$2rdamedia 183 $acr$2rdacarrier 200 13$aLe code noir $ee?dit du Roi sur les esclaves des i?les de l'Ame?rique : suivi de Co?digo negro ... 1789 /$fLouis XIV (king of France) 210 1$a[Place of publication not identified] :$cJ.-M. Tremblay,$d2010. 215 $a1 online resource 225 1 $aClassiques des sciences sociales ;$v4023 327 $aE?DIT DU ROI, OU CODE NOIR, SUR LES ESCLAVES DES I?LES DE L'AME?RIQUE. Mars 1680, a? Versailles. -- -- -- Extrait de : Lucien Peytraud L'esclavage aux Antilles franc?aises avant 1789 : d'apre?s des documents ine?dits des archives coloniales (p. 158 a? 166) Hachette (Paris) 1897 XXII-472 p. -- -- Annexe. CO?DIGO NEGRO. -- -- Extrait de LUCERNA SALMORAL, Manuel. Los Co?digos Negros de la Ame?rica Espan?a. Madrid: Unesco, Universidad de Alcala?, 1996. Pp.: 279 - 284. 410 0$aClassiques des sciences sociales ;$v4023. 517 $aLe code noir 607 $aBrazil$xCivilization$xAfrican influences 607 $aBrazil$xCivilization 676 $a981 700 $aLouis XIV$b king of France$0159822 801 0$bNjHacI 801 1$bNjHacl 906 $aBOOK 912 $a9910131125803321 996 $aLe code noir$93908086 997 $aUNINA